000 00915nam a2200277 i 4500
001 bg
100 1 _aSnarska, Agnieszka.
245 _aStatystyka ekonometria prognozowanie :
_bćwiczenia z Excelem /
_cAgnieszka Snarska.
260 _aWarszawa :
_bWydawnictwo Placet,
_c2007.
300 _a261, [1] s. :
_bil. ;
_c24 cm +
_edysk optyczny (CD-ROM).
500 _aNa okł.: Dane do ćwiczeń na CD.
504 _aBibliogr. s. [262].
650 9 _aExcel
650 9 _aStatystyka
_xoprogramowanie
650 9 _aEkonometria
_xoprogramowanie
655 _aPodręczniki akademickie
020 _a8385428976
040 _cBPK
041 _apol
044 _aPOL
080 _a311:330.43:004.42](075.8)
920 _a83-85428-97-6
942 _cKS
008 s pl f |000 0 pol
999 _c56040
_d56040
856 _uhttp://koha.tu.koszalin.pl/cgi-bin/koha/opac-detail.pl?biblionumber=56040
_yKatalog online BPK